000 00564nam a2200205Ia 4500
005 20250508165039.0
008 008 250505s9999 xx 000 0 eng d
020 _a0-7507-0346-6
037 _aTextual
040 _aFEDL
_beng
_cFEDL
041 _aeng
_2eng
084 _a657.207 6, WHI
_qFEDL
100 _aWhitehead Geoffrey
245 0 _aBookkeeping and accounts. 2 Parts
260 _aLondon, UK
_bPitman Publishing Limited
365 _aGBP
_b1.5
546 _aMACESE
942 _cTEXL
_h657.207 6, WHI
999 _c1392821
_d1392821